MARC details
| 000 -LEADER |
| fixed length control field |
03623nam a2200289 a 4500 |
| 001 - CONTROL NUMBER |
| control field |
18780083 |
| 008 - FIXED-LENGTH DATA ELEMENTS--GENERAL INFORMATION |
| fixed length control field |
160919s9999 ||||||||||||||||| || u |
| 010 ## - LIBRARY OF CONGRESS CONTROL NUMBER |
| LC control number |
2015034641 |
| 020 ## - INTERNATIONAL STANDARD BOOK NUMBER |
| International Standard Book Number |
9780062098153 (softcover) |
| 050 ## - LIBRARY OF CONGRESS CALL NUMBER |
| Classification number |
PS 3569.I48L66 |
| 100 ## - MAIN ENTRY--PERSONAL NAME |
| Personal name |
Simons, Paulina |
| 245 10 - TITLE STATEMENT |
| Title |
Lone star |
| Statement of responsibility, etc. |
Paullina Simons. |
| 250 ## - EDITION STATEMENT |
| Edition statement |
First U.S. edition. |
| 260 ## - PUBLICATION, DISTRIBUTION, ETC. |
| Place of publication, distribution, etc. |
London |
| Name of publisher, distributor, etc. |
Harper |
| Date of publication, distribution, etc. |
2015 |
| 300 ## - PHYSICAL DESCRIPTION |
| Extent |
627 pages |
| 500 ## - GENERAL NOTE |
| General note |
"A novel"--Cover. |
| 520 ## - SUMMARY, ETC. |
| Summary, etc. |
"From the bestselling, acclaimed author of Tully and The Bronze Horseman comes the unforgettable love story between a college-bound young woman and a traveling troubadour on his way to war--a moving, compelling novel of love lost and found set against the stunning backdrop of Eastern Europe. Chloe is just weeks away from heading off to college and starting a new life far from her home in Maine when she embarks on a great European adventure with her boyfriend and two best friends. Their destination is Barcelona, but first they must detour through the historic cities of Eastern Europe to keep an old family promise. Here, in this fledgling post-Communist world, Chloe meets a charming American vagabond named Johnny, who carries a guitar, an easy smile--and a lifetime of secrets. From Treblinka to Trieste, from Karnikava to Krakow, from Vilnius to Venice, the unlikely band of friends and lovers traverse the old world on a train trip that becomes a treacherous journey into Europe's and Johnny's darkest past--a journey that jeopardizes Chloe's plans for the future and all she ever thought she wanted. But the lifelong bonds Chloe and her friends share are about to be put to the ultimate test--and whether or not they reach Barcelona, they can only be certain that their lives will never be the same again. A sweeping, beautiful tale that mesmerizes and enchants, Lone Star will linger long in the memory once the final page is turned"-- Provided by publisher. "Chloe is weeks away from starting a new life far away from home when she embarks on a great European adventure with her boyfriend and two best friends. Their destination is Barcelona, but first they must detour through the historic cities of Eastern Europe to keep an old family promise. Buried in the treasures of the fledgling post-Communist world, Chloe finds a charming American vagabond named Johnny, who carries a guitar, an easy smile - and a lifetime of secrets. As the unlikely band traverse the old world, a train trip becomes a treacherous journey into Europe's and Johnny's darkest past - a journey that shatters Chloe's future plans and puts in jeopardy everything she thought she wanted. From Treblinka to Trieste, from Karnikava to Krakow, from Vilnius to Venice, the lovers and friends fight and love and break each other's hearts. They crack the fac̦ade that sustains their lifelong bonds to expose their truest, deepest desires. As they travel the marshes and mountains of the European continent, Chloe and her friends discover only one thing that's certain: whether or not they reach Barcelona, their lives will never be the same"-- Provided by publisher. |
| 650 #0 - SUBJECT ADDED ENTRY--TOPICAL TERM |
| Topical term or geographic name entry element |
AMERICANS -EUROPE-FICTION |
| 650 #7 - SUBJECT ADDED ENTRY--TOPICAL TERM |
| Topical term or geographic name entry element |
FICTION / Historical |
| Source of heading or term |
bisacsh |
| 650 #0 - SUBJECT ADDED ENTRY--TOPICAL TERM |
| Topical term or geographic name entry element |
Voyages and travels - Fiction |
| 650 #0 - SUBJECT ADDED ENTRY--TOPICAL TERM |
| Topical term or geographic name entry element |
Interpersonal relations - Fiction |
| 650 #0 - SUBJECT ADDED ENTRY--TOPICAL TERM |
| Topical term or geographic name entry element |
Man-woman relationships - Fiction |
| 650 #7 - SUBJECT ADDED ENTRY--TOPICAL TERM |
| Topical term or geographic name entry element |
FICTION / Romance / Historical |
| Source of heading or term |
bisacsh |
| 650 #7 - SUBJECT ADDED ENTRY--TOPICAL TERM |
| Topical term or geographic name entry element |
FICTION / Romance / General |
| Source of heading or term |
bisacsh |
| 700 ## - ADDED ENTRY--PERSONAL NAME |
| Personal name |
Simons, Paullina |
| 995 ## - RECOMMENDATION 995 [LOCAL, UNIMARC FRANCE] |
| -- |
CBU-MAIN LIBRARY (Kitwe) |
| -- |
1 |
| -- |
AVAILABLE |
| -- |
Sep 19, 2016 |
| -- |
Fiction Collection |